000 00757nam a2200229 i 4500
003 DO-SdBNP
005 20240307073949.0
006 a||||fr|||| 00| 0
007 ta
008 230721b? dr a|||| |||| 00| 0 spa d
040 _aDO-SdBNP
_bspa
_cBNPHU
_erda
082 1 _222
_bP438m
245 1 0 _aManual de informática básica. /
_cMiguel Leandro Pérez, Jacqueline Tejada Tió
264 _aSanto Domingo :
_bUniversitaria - UASD,
_c[sin fecha]
300 _a79 páginas :
_bilustraciones ;
_c27 cm.
336 _2rdacontent
_atexto
_btxt
337 _2rdamedia
_asin medición
_bn
338 _2rdacarrier
_avolumen
_bnc
700 1 _aTejada Tió, Jacqueline,
_eautor
_983812
710 1 _aUniversidad Autónoma de Santo Domingo
_972951
942 _2ddc
_cLBS1
999 _c54231
_d54231